000 00397nam a2200169Ia 4500
008 170705s9999 xx 000 0 und d
020 _a9780439403962
245 _aClifford the big red dog /
245 _cNorman Bridwell.
260 _aNew York :
260 _bScholastic,
260 _c2002
300 _aunpaged :
300 _bcolor illustration ;
300 _c27cm.
500 _a220
999 _c336773
_d336773